| 000 | 00359cam a2200157ua 4500 | ||
|---|---|---|---|
| 041 |
_aeng _h |
||
| 082 |
_a634.772 _bSIM/BA |
||
| 100 | _aSimmonds, N.W . | ||
| 245 |
_aBananas / _cN.W.Simmonds. _hTextual Documents |
||
| 250 |
_a2 / _b. |
||
| 260 |
_aLondon : _bLongman , _c1966. |
||
| 300 | _a512 ; . | ||
| 504 | _a | ||
| 942 | _cBK | ||
| 999 |
_c10442 _d10442 |
||